000 00618nam a2200205Ii 4500
003 JO-AjNU
008 230606s9999||||xx |||||||||||||| ||und||
020 _a1-85043-562-6
040 _aJO-AjNU
_beng
_erda
_cJO-AjNU
041 _aeng
050 1 4 _aBT309 1988
100 3 _aSalibi, Kamal,
_eauthor
_92742
245 0 0 _aWho was Jesus? A Conspiracy in Jerusalem
264 3 1 _aLondon: I.B.Tauris&Co.Ltd Publishers, 1988
300 _a200p
336 _atext
_btxt
_2rdacontent
337 _aunmediated
_bn
_2rdamedia
338 _avolume
_bnc
_2rdacarrier
650 4 _a Christianity-Jesus Christ - Historicity
_92743
999 _aE1435
_c1435
_d1435